Nsuk journal of science & technology (Record no. 38586)

MARC details
000 -LEADER
fixed length control field 00482nam a2200169Ia 4500
022 ## - INTERNATIONAL STANDARD SERIAL NUMBER
ISSN 15975527
050 ## - CALL MARK
Classification number Q 127 .N78/
245 #0 - TITLE STATEMENT
Title Nsuk journal of science & technology
260 ## - PUBLICATION, DISTRIBUTION, ETC. (IMPRINT)
Place of publication Nasarawa
260 ## - PUBLICATION, DISTRIBUTION, ETC. (IMPRINT)
Name of publisher Publication of Nasarawa State University
260 ## - PUBLICATION, DISTRIBUTION, ETC. (IMPRINT)
Year of publication 2011
300 ## - PHYSICAL DESCRIPTION
Number of Pages ii, 149 p. ; 31 cm.
650 ## - SUBJECT ADDED ENTRY--TOPICAL TERM
Topical Term Technology--Nigeria--Periodicals. Science--Nigeria--Periodicals.
942 ## - ADDED ENTRY ELEMENTS (KOHA)
Koha item type Serials

No items available.